Vyfučí 250 pracovných miest hore komínom? investor v Nižnej Slanej stráca trpezlivosť a dáva poslancom mesiac na rozhodnutie

Podrobná bibliografia
Hlavný autor: Kovář, Zdeněk (Autor)
Médium: Článok
Jazyk:slovenčina
Fyzický popis:Fotogr.
ISSN:1335-4655
Predmet:

MARC

LEADER 00000nab a2200000 ar4500
001 vtls010578318
003 SK-MaSNL
005 20260305040954.0
008 140224c20131003xo mr|p|||||||000 b|slo
038 |a SNSK 
040 |b slo  |c SNSK  |e AACR2 
041 |a slo 
044 |a xo  |c SK 
080 |a 005.951  |x (437.672)  |2 2001 
080 |a 352  |x (437.672)  |2 2001 
100 1 |a Kovář, Zdeněk  |4 aut  |9 266642 
245 1 0 |a Vyfučí 250 pracovných miest hore komínom?  |b investor v Nižnej Slanej stráca trpezlivosť a dáva poslancom mesiac na rozhodnutie  |c Zdeněk Kovář 
300 |b Fotogr. 
610 1 7 |a Nižná Slaná (Slovensko).  |b Obecné zastupiteľstvo  |2 snsk  |9 174289 
650 0 7 |a investori  |2 snsk  |9 30027 
650 0 7 |a pracovné miesta  |2 snsk  |9 85141 
650 0 7 |a petície  |2 snsk  |9 13945 
651 7 |a Nižná Slaná (Slovensko)  |2 snsk  |9 29467 
651 7 |a Rožňava (Slovensko : okres)  |2 snsk  |9 19215 
773 0 |t Nový Čas  |g Roč. 23, č. 230 (3.10.2013), s. 6-7  |x 1335-4655 
852 |a SNSK  |b KIS3GCP 
999 |c 3341322  |d 3343252